[Event "GBR-ch72"]
[Site "Edinburgh"]
[Date "1985.07.31"]
[Round "3.19"]
[White "Teichmann, Erik OMC"]
[Black "Mannion, Stephen R"]
[Result "1-0"]
[WhiteElo "2385"]
[BlackElo "2215"]
[PlyCount "79"]
[EventDate "1985.07.29"]
[EventType "swiss"]
[EventRounds "11"]
[EventCountry "GBR"]
[SourceTitle "BritBase"]
[Source "John Saunders"]
[SourceDate "2020.09.07"]
[SourceVersion "1"]
[SourceVersionDate "2020.09.07"]
[SourceQuality "2"]

1. b4 d5 2. Bb2 Bf5 3. e3 e6 4. Nf3 Nf6 5. c4 Nbd7 6. Qb3 Be7 7. Nc3 c6 8. d4
O-O 9. a4 Ne4 10. Be2 Ndf6 11. O-O Bg4 12. Rfd1 Nxc3 13. Bxc3 Ne4 14. Be1 f5
15. b5 Rf6 16. Ra2 Rh6 17. Ne5 Bxe2 18. Rxe2 Bd6 19. f3 Nf6 20. Bb4 dxc4 21.
Qxc4 Nd5 22. Bxd6 Qxd6 23. bxc6 bxc6 24. Rc1 Rc8 25. Qa6 Ne7 26. Qxa7 Qa3 27.
Qc5 Qxc5 28. Rxc5 Ra8 29. a5 Rb8 30. h3 f4 31. e4 Rb4 32. Ra2 Rxd4 33. a6 Nc8
34. Rxc6 Na7 35. Rc7 Rh5 36. Rxa7 Rd1+ 37. Kf2 Rxe5 38. Rb7 Rc5 39. a7 h5 40.
a8=Q+ 1-0

[Event "GBR-ch72"]
[Site "Edinburgh"]
[Date "1985.07.31"]
[Round "3.20"]
[White "Knott, Simon JB"]
[Black "Hindle, Owen M"]
[Result "1/2-1/2"]
[WhiteElo "2275"]
[BlackElo "2380"]
[PlyCount "32"]
[EventDate "1985.07.29"]
[EventType "swiss"]
[EventRounds "11"]
[EventCountry "GBR"]
[SourceTitle "BritBase"]
[Source "John Saunders"]
[SourceDate "2020.09.07"]
[SourceVersion "1"]
[SourceVersionDate "2020.09.07"]
[SourceQuality "2"]

1. c4 f5 2. Nf3 Nf6 3. g3 g6 4. Bg2 Bg7 5. O-O O-O 6. Nc3 d6 7. d4 Qe8 8. d5
Na6 9. Rb1 Nc5 10. Nb5 Qd8 11. Nfd4 a5 12. b3 Bd7 13. Bb2 Ra6 14. a3 c6 15. Nc3
Qe8 16. Qc2 Qf7 1/2-1/2

[Event "GBR-ch72"]
[Site "Edinburgh"]
[Date "1985.07.31"]
[Round "3.21"]
[White "Wiley, Tom E"]
[Black "Levitt, Jonathan"]
[Result "0-1"]
[WhiteElo "2225"]
[BlackElo "2375"]
[PlyCount "84"]
[EventDate "1985.07.29"]
[EventType "swiss"]
[EventRounds "11"]
[EventCountry "GBR"]
[SourceTitle "BritBase"]
[Source "John Saunders"]
[SourceDate "2020.09.07"]
[SourceVersion "1"]
[SourceVersionDate "2020.09.07"]
[SourceQuality "2"]

1. c4 Nf6 2. Nc3 e6 3. Nf3 Bb4 4. Qc2 O-O 5. a3 Bxc3 6. Qxc3 b6 7. b4 Bb7 8.
Bb2 d6 9. e3 Nbd7 10. Be2 Qe7 11. O-O Rac8 12. d3 e5 13. a4 Ne8 14. a5 f5 15.
axb6 axb6 16. Ra7 Rb8 17. d4 e4 18. Nd2 Rf6 19. c5 Bd5 20. c6 Nf8 21. Bc4 Bxc4
22. Qxc4+ Kh8 23. Rfa1 Ng6 24. Ra8 Rxa8 25. Rxa8 Rf8 26. b5 h6 27. Qd5 Kh7 28.
Ra7 Nh4 29. Qc4 Ng6 30. g3 Nf6 31. Nb1 Re8 32. Nc3 f4 33. Nd5 Nxd5 34. Qxd5
fxe3 35. fxe3 Rf8 36. Qc4 Qf6 37. Qe2 Rf7 38. Bc3 Nf8 39. Be1 Ne6 40. g4 Ng5
41. Bg3 Qe6 42. Kg2 h5 0-1

[Event "GBR-ch72"]
[Site "Edinburgh"]
[Date "1985.07.31"]
[Round "3.22"]
[White "Howell, James C"]
[Black "Waddingham, Graham A"]
[Result "1-0"]
[WhiteElo "2370"]
[BlackElo "2264"]
[PlyCount "62"]
[EventDate "1985.07.29"]
[EventType "swiss"]
[EventRounds "11"]
[EventCountry "GBR"]
[SourceTitle "BritBase"]
[Source "John Saunders"]
[SourceDate "2020.09.07"]
[SourceVersion "1"]
[SourceVersionDate "2020.09.07"]
[SourceQuality "2"]

1. e4 e5 2. Nf3 Nc6 3. Bb5 a6 4. Ba4 Nf6 5. O-O Be7 6. Re1 b5 7. Bb3 O-O 8. d4
d6 9. c3 Bg4 10. d5 Na5 11. Bc2 c6 12. h3 Bh5 13. dxc6 Qc7 14. Bg5 Qxc6 15.
Nbd2 Rad8 16. a4 Nb7 17. axb5 axb5 18. Ra7 Ra8 19. Rxa8 Rxa8 20. Bb3 Re8 21.
Bxf6 Bxf6 22. Bd5 Qb6 23. g4 Bg6 24. h4 h5 25. Ng5 Bxg5 26. gxh5 Bxh4 27. hxg6
Re6 28. gxf7+ Kf8 29. Re3 Rh6 30. Qg4 Nc5 31. Nf3 Bd8 {etc. (37)} 1-0

[Event "GBR-ch72"]
[Site "Edinburgh"]
[Date "1985.07.31"]
[Round "3.23"]
[White "Vaidya, Arun"]
[Black "McDonald, Neil R"]
[Result "1/2-1/2"]
[WhiteElo "2365"]
[BlackElo "2216"]
[PlyCount "63"]
[EventDate "1985.07.29"]
[EventType "swiss"]
[EventRounds "11"]
[EventCountry "GBR"]
[SourceTitle "BritBase"]
[Source "John Saunders"]
[SourceDate "2020.09.07"]
[SourceVersion "1"]
[SourceVersionDate "2020.09.07"]
[SourceQuality "2"]

1. e4 d6 2. d4 Nf6 3. Nc3 g6 4. Nf3 Bg7 5. Be2 O-O 6. h3 Nc6 7. O-O e5 8. Be3
exd4 9. Nxd4 Re8 10. Bf3 Ne5 11. Re1 a6 12. Be2 c5 13. Nf3 Nc6 14. Bc4 Be6 15.
Bd5 Bxd5 16. exd5 Ne5 17. Nxe5 Rxe5 18. Qd3 b5 19. Bf4 Rxe1+ 20. Rxe1 Ra7 21.
a4 b4 22. Nd1 a5 23. b3 Re7 24. Rxe7 Qxe7 25. Ne3 Nh5 26. Bh2 Bd4 27. g4 Nf6
28. Kg2 h5 29. Kf3 Qd7 30. Qb5 Qe7 31. Qd3 Qd7 32. Qb5 1/2-1/2

[Event "GBR-ch72"]
[Site "Edinburgh"]
[Date "1985.07.31"]
[Round "3.24"]
[White "Buckmire, Ron"]
[Black "Lawton, Geoffrey W"]
[Result "1-0"]
[WhiteElo "2200"]
[BlackElo "2360"]
[PlyCount "27"]
[EventDate "1985.07.29"]
[EventType "swiss"]
[EventRounds "11"]
[EventCountry "GBR"]
[SourceTitle "BritBase"]
[Source "John Saunders"]
[SourceDate "2020.09.07"]
[SourceVersion "1"]
[SourceVersionDate "2020.09.07"]
[SourceQuality "2"]

1. d4 Nf6 2. Bg5 Ne4 3. Bf4 c5 4. d5 Qb6 5. Nd2 Nxd2 6. Bxd2 Qxb2 7. e4 e6 8.
Nf3 Be7 9. Rb1 Qa3 10. Bd3 Na6 11. dxe6 dxe6 12. Bb5+ Kf8 13. Ne5 c4 14. Qh5
1-0

[Event "GBR-ch72"]
[Site "Edinburgh"]
[Date "1985.07.31"]
[Round "3.25"]
[White "Small, Simon"]
[Black "Pigott, John C"]
[Result "1-0"]
[WhiteElo "2152"]
[BlackElo "2330"]
[PlyCount "84"]
[EventDate "1985.07.29"]
[EventType "swiss"]
[EventRounds "11"]
[EventCountry "GBR"]
[SourceTitle "BritBase"]
[Source "John Saunders"]
[SourceDate "2020.09.07"]
[SourceVersion "1"]
[SourceVersionDate "2020.09.07"]
[SourceQuality "2"]

1. d4 Nf6 2. Nc3 d5 3. Bg5 g6 4. Nf3 Ne4 5. Bh4 Nxc3 6. bxc3 c5 7. e3 Qa5 8.
Qd2 Nc6 9. Be2 Bg7 10. O-O O-O 11. Rab1 a6 12. c4 Qxd2 13. Nxd2 dxc4 14. dxc5
c3 15. Nc4 Bf5 16. Rfc1 Rad8 17. Rxb7 Rd5 18. g4 Be6 19. Rc7 Rxc5 20. Bxe7 Nd4
21. exd4 Rxc7 22. Bxf8 Kxf8 23. Ne5 f6 24. Nd3 Bxa2 25. Ra1 Bc4 26. Nc5 Rxc5
27. dxc5 Bxe2 28. c6 Bxg4 29. Rxa6 Bh6 30. c7 Ke7 31. Ra8 Bf4 32. c8=Q Bxc8 33.
Rxc8 Be5 34. Kg2 h5 35. f4 Bxf4 36. Rxc3 Be5 37. Ra3 Kd7 38. Ra6 g5 39. h3 h4
40. Kf3 Kc7 41. Ke4 Kb7 42. Re6 Kc7 1-0

[Event "GBR-ch72"]
[Site "Edinburgh"]
[Date "1985.07.31"]
[Round "3.26"]
[White "Evans, Raymond G"]
[Black "Gallagher, Joseph G"]
[Result "1-0"]
[WhiteElo "2128"]
[BlackElo "2310"]
[PlyCount "65"]
[EventDate "1985.07.29"]
[EventType "swiss"]
[EventRounds "11"]
[EventCountry "GBR"]
[SourceTitle "BritBase"]
[Source "John Saunders"]
[SourceDate "2020.09.07"]
[SourceVersion "1"]
[SourceVersionDate "2020.09.07"]
[SourceQuality "2"]

1. e4 c5 2. Nf3 d6 3. d4 cxd4 4. Nxd4 Nf6 5. Nc3 a6 6. Bg5 e6 7. f4 Be7 8. Qf3
Qc7 9. O-O-O Nbd7 10. Bd3 h6 11. Bh4 g5 12. fxg5 Ne5 13. Qe2 Nfg4 14. Nf3 hxg5
15. Bg3 Bd7 16. h3 Nxf3 17. hxg4 Nh4 18. e5 d5 19. Rdf1 Rf8 20. Be1 O-O-O 21.
Bd2 Bc6 22. Rf2 d4 23. Ne4 Qxe5 24. Nxg5 Qg7 25. Nxf7 e5 26. Nxd8 Rxd8 27. g5
Ng6 28. Rh6 Nf4 29. Bxf4 exf4 30. Rh7 Qxg5 31. Qxe7 Qa5 32. Rxf4 Re8 33. Rf8
1-0

[Event "GBR-ch72"]
[Site "Edinburgh"]
[Date "1985.07.31"]
[Round "3.27"]
[White "West, Guy"]
[Black "Eke, Matthew A"]
[Result "1/2-1/2"]
[WhiteElo "2310"]
[BlackElo "2128"]
[PlyCount "93"]
[EventDate "1985.07.29"]
[EventType "swiss"]
[EventRounds "11"]
[EventCountry "GBR"]
[SourceTitle "BritBase"]
[Source "John Saunders"]
[SourceDate "2020.09.07"]
[SourceVersion "1"]
[SourceVersionDate "2020.09.07"]
[SourceQuality "2"]

1. e4 e6 2. Nf3 d5 3. Nc3 Nf6 4. e5 Nfd7 5. d4 c5 6. dxc5 Nc6 7. Bf4 Nxc5 8.
Bd3 Be7 9. a3 Bd7 10. Qd2 Rc8 11. O-O O-O 12. Rfe1 Na5 13. Rad1 Nxd3 14. cxd3
Nb3 15. Qe2 Qb6 16. h4 Nd4 17. Nxd4 Qxd4 18. Qg4 f5 19. Qg3 Bxa3 20. Ne2 Qxb2
21. Rb1 Qc2 22. Rxb7 Rc7 23. Bh6 Rf7 24. Rb8+ Rc8 25. Rb7 Rc7 26. Rb8+ Rc8 27.
Rxc8+ Bxc8 28. d4 Bb4 29. Rc1 Qxe2 30. Rxc8+ Bf8 31. Qg5 Qe1+ 32. Kh2 Qb4 33.
Re8 Qb6 34. Qg3 Qxd4 35. Rxe6 f4 36. Qg4 Qxf2 37. Bg5 f3 38. Re8 fxg2 39. Qxg2
h6 40. e6 Qxg2+ 41. Kxg2 hxg5 42. exf7+ Kxf7 43. Re5 gxh4 44. Rxd5 Ke6 45. Ra5
Bd6 46. Rxa7 g5 47. Kh3 1/2-1/2

[Event "GBR-ch72"]
[Site "Edinburgh"]
[Date "1985.07.31"]
[Round "3.28"]
[White "Thipsay, Praveen Mahadeo"]
[Black "Lane, Gary William"]
[Result "1-0"]
[WhiteElo "2495"]
[BlackElo "2330"]
[PlyCount "87"]
[EventDate "1985.07.29"]
[EventType "swiss"]
[EventRounds "11"]
[EventCountry "GBR"]
[SourceTitle "BritBase"]
[Source "John Saunders"]
[SourceDate "2020.09.07"]
[SourceVersion "1"]
[SourceVersionDate "2020.09.07"]
[SourceQuality "2"]

1. e4 e5 2. Nf3 Nc6 3. Bb5 a6 4. Ba4 Nf6 5. O-O Be7 6. Re1 b5 7. Bb3 d6 8. c3
O-O 9. h3 Bb7 10. d4 Re8 11. Nbd2 Bf8 12. Bc2 h6 13. b3 Nb8 14. Bb2 Nbd7 15. a4
g6 16. Bd3 c6 17. c4 Qb6 18. axb5 axb5 19. Rxa8 Bxa8 20. cxb5 cxb5 21. Qe2 b4
22. Bb5 Re7 23. Ra1 Qb8 24. d5 Nc5 25. Qc4 Bb7 26. Ra5 Qc7 27. Qxb4 Ncxe4 28.
Nxe4 Nxe4 29. Bc4 f5 30. Bxe5 Rf7 31. Bb2 g5 32. Nd4 Re7 33. Nxf5 Rf7 34. Bd3
Nf6 35. Ra7 Qb8 36. Qb6 Nxd5 37. Qd4 Nf6 38. Bc4 d5 39. Bxd5 Bxd5 40. Rxf7 Kxf7
41. Qxf6+ Ke8 42. Nd4 Bxb3 43. Qc6+ Kf7 44. Qf3+ 1-0

[Event "GBR-ch72"]
[Site "Edinburgh"]
[Date "1985.07.31"]
[Round "3.29"]
[White "Prasad, Devaki V"]
[Black "Singh, Sukh Dave"]
[Result "1-0"]
[WhiteElo "2375"]
[BlackElo "2080"]
[PlyCount "79"]
[EventDate "1985.07.29"]
[EventType "swiss"]
[EventRounds "11"]
[EventCountry "GBR"]
[SourceTitle "BritBase"]
[Source "John Saunders"]
[SourceDate "2020.09.07"]
[SourceVersion "1"]
[SourceVersionDate "2020.09.07"]
[SourceQuality "2"]

1. e4 c6 2. d4 d5 3. Nd2 dxe4 4. Nxe4 Nf6 5. Nxf6+ gxf6 6. c3 Bf5 7. Nf3 e6 8.
Bd3 Bxd3 9. Qxd3 Qc7 10. Be3 Nd7 11. O-O-O O-O-O 12. Kb1 h5 13. h4 Nb6 14. Qe2
Bh6 15. Bxh6 Rxh6 16. Nd2 Rg8 17. g3 f5 18. Rdg1 Qd7 19. Nf3 f6 20. Ne1 Nd5 21.
Nd3 Qd6 22. Re1 Re8 23. Qd2 Rh7 24. Re2 b6 25. Rhe1 a5 26. c4 Nc7 27. Nf4 Kb7
28. Qc3 Qd7 29. Rd2 Rd8 30. d5 cxd5 31. Qxf6 Rf7 32. Qe5 Qc6 33. Nxe6 Rd6 34.
Nxc7 Rxc7 35. cxd5 Qc5 36. Qxf5 Qb4 37. Red1 a4 38. a3 Qb5 39. Qxh5 Rc3 40. Qe5
1-0

[Event "GBR-ch72"]
[Site "Edinburgh"]
[Date "1985.07.31"]
[Round "3.31"]
[White "Orr, Mark JL"]
[Black "Lalic, Susan Kathryn"]
[Result "1/2-1/2"]
[WhiteElo "2340"]
[BlackElo "2050"]
[PlyCount "146"]
[EventDate "1985.07.29"]
[EventType "swiss"]
[EventRounds "11"]
[EventCountry "GBR"]
[SourceTitle "BritBase"]
[Source "John Saunders"]
[SourceDate "2020.09.07"]
[SourceVersion "1"]
[SourceVersionDate "2020.09.07"]
[SourceQuality "2"]

1. d4 e6 2. c4 Bb4+ 3. Bd2 Qe7 4. Nf3 Nf6 5. g3 Nc6 6. Bg2 Bxd2+ 7. Qxd2 Ne4 8.
Qc2 Qb4+ 9. Nbd2 Nxd2 10. Qxd2 Qxc4 11. O-O Qb4 12. Qd3 d5 13. e3 Bd7 14. Rfc1
Qd6 15. Rc3 O-O 16. Ng5 f5 17. Rac1 Nb4 18. Qb1 Rac8 19. a3 Na6 20. Qc2 c6 21.
Nf3 Nb8 22. b4 Be8 23. b5 Rd8 24. Qa4 a6 25. bxa6 Nxa6 26. Qa5 Qc7 27. Qxc7
Nxc7 28. Rb3 Nb5 29. Bf1 Nd6 30. Ne5 Ra8 31. Bd3 Ra7 32. Ra1 g5 33. Be2 Kg7 34.
a4 f4 35. exf4 gxf4 36. Bg4 Rf6 37. Nd3 fxg3 38. hxg3 Bg6 39. Nc5 Bf5 40. Bd1
Rg6 41. Rb6 Kf6 42. Nd7+ Ke7 43. Ne5 Rg7 44. Rc1 Kf6 45. Kg2 Bg6 46. g4 Rc7 47.
f3 Nf7 48. Nxf7 Rxf7 49. f4 Ke7 50. Kg3 Kd6 51. Rc3 Be4 52. Rb2 Ra5 53. Rb4 b5
54. axb5 Rxb5 55. Rcb3 Rfb7 56. Rxb5 Rxb5 57. Kh4 Ra5 58. Rc3 Ra1 59. Bb3 Ra3
60. Kg5 Bb1 61. f5 e5 62. dxe5+ Kxe5 63. f6 Bg6 64. Rf3 Ra7 65. Rf2 c5 66. Re2+
Kd6 67. Rd2 Bf7 68. Kh6 Be6 69. g5 Rc7 70. Bc2 Bg8 71. Re2 d4 72. Re8 Bf7 73.
Re1 Kd5 1/2-1/2

[Event "GBR-ch72"]
[Site "Edinburgh"]
[Date "1985.07.31"]
[Round "3.32"]
[White "Branford, John W"]
[Black "Morrison, Robert"]
[Result "0-1"]
[WhiteElo "2255"]
[BlackElo "2370"]
[PlyCount "62"]
[EventDate "1985.07.29"]
[EventType "swiss"]
[EventRounds "11"]
[EventCountry "GBR"]
[SourceTitle "BritBase"]
[Source "John Saunders"]
[SourceDate "2020.09.07"]
[SourceVersion "1"]
[SourceVersionDate "2020.09.07"]
[SourceQuality "2"]

1. e4 b6 2. d4 Bb7 3. Bd3 Nc6 4. c3 e5 5. d5 Nce7 6. Nf3 Ng6 7. h4 h5 8. a4 a5
9. Na3 Be7 10. Nc4 d6 11. Ng5 Nf4 12. Bxf4 exf4 13. Nf3 Rh6 14. Qd2 Rf6 15. Ng5
Ba6 16. e5 dxe5 17. Nxe5 Qd6 18. Nexf7 Rxf7 19. Nxf7 Kxf7 20. Bxa6 Rxa6 21. Qe2
Ra8 22. Qxh5+ Qg6 23. Qf3 Bd6 24. O-O-O Nf6 25. Rhe1 Qg4 26. Qd3 Re8 27. Rxe8
Kxe8 28. b4 axb4 29. cxb4 Qxh4 30. a5 bxa5 31. bxa5 Qxf2 {etc (37)} 0-1

[Event "GBR-ch72"]
[Site "Edinburgh"]
[Date "1985.07.31"]
[Round "3.33"]
[White "Bellin, Robert"]
[Black "Gregory, Stephen J"]
[Result "1-0"]
[WhiteElo "2395"]
[BlackElo "2152"]
[PlyCount "77"]
[EventDate "1985.07.29"]
[EventType "swiss"]
[EventRounds "11"]
[EventCountry "GBR"]
[SourceTitle "BritBase"]
[Source "John Saunders"]
[SourceDate "2020.09.07"]
[SourceVersion "1"]
[SourceVersionDate "2020.09.07"]
[SourceQuality "2"]

1. d4 Nf6 2. Nf3 d6 3. Bg5 Nbd7 4. Nbd2 c6 5. c3 Qc7 6. e4 h6 7. Bh4 g5 8. Bg3
Nh5 9. Bc4 e6 10. Qe2 Nb6 11. Bb3 Bd7 12. a4 a5 13. O-O Be7 14. e5 d5 15. Ne1
Nxg3 16. fxg3 Kf8 17. Bc2 Be8 18. Nd3 Kg7 19. g4 c5 20. Nf3 c4 21. Nf2 Nd7 22.
Nh1 Nf8 23. Ng3 Ng6 24. Nh5+ Kg8 25. Rf2 Ra6 26. Raf1 Rb6 27. Bxg6 fxg6 28.
Nf6+ Bxf6 29. exf6 Bf7 30. Ne5 Kh7 31. Rf3 Rb3 32. Rh3 Kg8 33. Qc2 Qb6 34. Rf2
Rh7 35. Nxg6 Qc7 36. Rff3 Bxg6 37. Qxg6+ Kf8 38. Rxh6 Rxh6 39. Qxh6+ 1-0

[Event "GBR-ch72"]
[Site "Edinburgh"]
[Date "1985.07.31"]
[Round "3.34"]
[White "Walker, RH.."]
[Black "Bradbury, Neil H"]
[Result "0-1"]
[WhiteElo "2180"]
[BlackElo "2335"]
[PlyCount "96"]
[EventDate "1985.07.29"]
[EventType "swiss"]
[EventRounds "11"]
[EventCountry "GBR"]
[SourceTitle "BritBase"]
[Source "John Saunders"]
[SourceDate "2020.09.07"]
[SourceVersion "1"]
[SourceVersionDate "2020.09.07"]
[SourceQuality "2"]

1. d4 Nf6 2. Nf3 e6 3. g3 b6 4. Bg2 Bb7 5. c4 Be7 6. O-O O-O 7. Nc3 Ne4 8. Nxe4
Bxe4 9. Ne1 Bxg2 10. Nxg2 f5 11. b3 Bf6 12. Bb2 Nc6 13. Qd2 Qe7 14. Rae1 g5 15.
e4 f4 16. f3 d6 17. g4 Qg7 18. Rd1 a5 19. Rf2 Rfd8 20. d5 Bxb2 21. Qxb2 Qxb2
22. Rxb2 Ne5 23. Kf2 a4 24. Ne1 axb3 25. axb3 Kf7 26. Nd3 Nxd3+ 27. Rxd3 e5 28.
b4 h5 29. gxh5 Rh8 30. Rc3 Rxh5 31. Kg1 Rh3 32. Rbc2 Rg8 33. c5 g4 34. fxg4
Rxg4+ 35. Kf1 f3 36. Re3 bxc5 37. bxc5 Kg6 38. cxd6 cxd6 39. Rc6 Kg5 40. Rxd6
Kf4 41. Ra3 Rg8 42. Rf6+ Kg4 43. Kf2 Rxh2+ 44. Ke3 Re2+ 45. Kd3 Kg3 46. Raa6
Re1 47. Rf5 Rc8 48. Rff6 Rd1+ 0-1

[Event "GBR-ch72"]
[Site "Edinburgh"]
[Date "1985.07.31"]
[Round "3.35"]
[White "Carr, Neil L"]
[Black "Habershon, Paul F"]
[Result "1-0"]
[WhiteElo "2315"]
[BlackElo "2112"]
[PlyCount "67"]
[EventDate "1985.07.29"]
[EventType "swiss"]
[EventRounds "11"]
[EventCountry "GBR"]
[SourceTitle "BritBase"]
[Source "John Saunders"]
[SourceDate "2020.09.07"]
[SourceVersion "1"]
[SourceVersionDate "2020.09.07"]
[SourceQuality "2"]

1. e4 e6 2. d4 d5 3. Nd2 c5 4. Ngf3 Nc6 5. Bb5 Bd6 6. e5 Be7 7. O-O Bd7 8. Bxc6
bxc6 9. Nb3 cxd4 10. Qxd4 h5 11. Ne1 Qb6 12. Be3 Qxd4 13. Bxd4 Nh6 14. Nd3 Nf5
15. Bc5 Bd8 16. a4 Bc8 17. Nb4 Kd7 18. a5 Rb8 19. Ra4 Rb5 20. Bxa7 Be7 21. Nd3
Ba6 22. Nbc5+ Bxc5 23. Nxc5+ Rxc5 24. Bxc5 Bxf1 25. Kxf1 Ra8 26. a6 Ne7 27. Rb4
Ng6 28. a7 Kc8 29. f4 f6 30. exf6 gxf6 31. g3 Nh8 32. Rb6 Kc7 33. Rb8 Rxb8 34.
Bd6+ 1-0

[Event "GBR-ch72"]
[Site "Edinburgh"]
[Date "1985.07.31"]
[Round "3.36"]
[White "Thomas, Ian L"]
[Black "Richardson, Kevin D"]
[Result "1/2-1/2"]
[WhiteElo "2295"]
[BlackElo "2112"]
[PlyCount "89"]
[EventDate "1985.07.29"]
[EventType "swiss"]
[EventRounds "11"]
[EventCountry "GBR"]
[SourceTitle "BritBase"]
[Source "John Saunders"]
[SourceDate "2020.09.07"]
[SourceVersion "1"]
[SourceVersionDate "2020.09.07"]
[SourceQuality "2"]

1. e4 c5 2. g3 Nc6 3. Bg2 g6 4. Nc3 Bg7 5. d3 d6 6. f4 e6 7. Be3 Nge7 8. Nf3
Rb8 9. Qd2 Nd4 10. Nd1 b5 11. c3 Nxf3+ 12. Bxf3 O-O 13. h4 f5 14. h5 Bb7 15.
hxg6 hxg6 16. Nf2 fxe4 17. dxe4 Nf5 18. Bg4 Nxg3 19. Bxe6+ Rf7 20. Rg1 Nxe4 21.
Nxe4 Bxe4 22. O-O-O b4 23. Qxd6 Qxd6 24. Rxd6 bxc3 25. b3 Bf5 26. Bxf7+ Kxf7
27. Bxc5 Bh6 28. Rd4 Re8 29. Bb4 Re2 30. Kd1 Rb2 31. Ke1 c2 32. Bd2 Rxa2 33.
Ra4 Rxa4 34. bxa4 Ke6 35. Ke2 Bf8 36. Rg3 Kd5 37. Rc3 Bc5 38. Be3 Bxe3 39. Kxe3
Kd6 40. Kd4 a6 41. Rc4 Ke6 42. Kc5 Bd3 43. Rc3 Be4 44. Kd4 Bf5 45. Rc5 1/2-1/2

[Event "GBR-ch72"]
[Site "Edinburgh"]
[Date "1985.07.31"]
[Round "3.37"]
[White "Jackson, Oliver A"]
[Black "Wallace, D.."]
[Result "1-0"]
[WhiteElo "2230"]
[BlackElo "1965"]
[PlyCount "56"]
[EventDate "1985.07.29"]
[EventType "swiss"]
[EventRounds "11"]
[EventCountry "GBR"]
[SourceTitle "BritBase"]
[Source "John Saunders"]
[SourceDate "2020.09.07"]
[SourceVersion "1"]
[SourceVersionDate "2020.09.07"]
[SourceQuality "2"]

1. e4 c5 2. Nc3 Nc6 3. f4 g6 4. Nf3 Bg7 5. Bb5 Nd4 6. O-O e6 7. d3 Ne7 8. f5
O-O 9. fxg6 fxg6 10. Bg5 Nxb5 11. Nxb5 Bxb2 12. Nd6 Bf6 13. Bxf6 Rxf6 14. Ne5
Nc6 15. Nef7 Qe7 16. Qd2 Ne5 17. Rxf6 Qxf6 18. Rf1 Qxf1+ 19. Kxf1 Nxf7 20. Nxf7
Kxf7 21. Qf4+ Kg7 22. Qe5+ Kf7 23. Qh8 h5 24. e5 b6 25. Qf6+ Ke8 26. Qxg6+ Ke7
27. Qg5+ Ke8 28. Qg8+ Ke7 1-0

[Event "GBR-ch72"]
[Site "Edinburgh"]
[Date "1985.07.31"]
[Round "3.38"]
[White "Morrison, Chris"]
[Black "Lewis, David Rhys"]
[Result "1-0"]
[WhiteElo "2205"]
[BlackElo "1885"]
[PlyCount "53"]
[EventDate "1985.07.29"]
[EventType "swiss"]
[EventRounds "11"]
[EventCountry "GBR"]
[SourceTitle "BritBase"]
[Source "John Saunders"]
[SourceDate "2020.09.07"]
[SourceVersion "1"]
[SourceVersionDate "2020.09.07"]
[SourceQuality "2"]

1. e4 e6 2. d4 d5 3. Nd2 Nf6 4. e5 Nfd7 5. f4 c5 6. c3 Nc6 7. Ndf3 Qb6 8. g3
cxd4 9. cxd4 Bb4+ 10. Kf2 O-O 11. Kg2 f6 12. Bd3 f5 13. Ne2 Be7 14. h3 g6 15.
g4 Rf7 16. Kh2 Nf8 17. Rg1 Bd7 18. h4 Rg7 19. Bd2 Nd8 20. Bc3 Bb5 21. Bc2 Nf7
22. a4 Bxe2 23. Qxe2 fxg4 24. Rxg4 Nh6 25. Rg2 Nf5 26. Kh3 Bb4 27. a5 1-0

[Event "GBR-ch72"]
[Site "Edinburgh"]
[Date "1985.08.01"]
[Round "4.1"]
[White "Speelman, Jonathan S"]
[Black "Hawksworth, John C"]
[Result "1-0"]
[WhiteElo "2530"]
[BlackElo "2370"]
[PlyCount "80"]
[EventDate "1985.07.29"]
[EventType "swiss"]
[EventRounds "11"]
[EventCountry "GBR"]
[SourceTitle "BritBase"]
[Source "John Saunders"]
[SourceDate "2020.09.07"]
[SourceVersion "1"]
[SourceVersionDate "2020.09.07"]
[SourceQuality "2"]

1. c4 Nf6 2. Nc3 e6 3. Nf3 c5 4. g3 b6 5. Bg2 Bb7 6. O-O Be7 7. d4 cxd4 8. Qxd4
O-O 9. Rd1 d6 10. Bg5 Qc8 11. Rac1 Rd8 12. Bxf6 Bxf6 13. Qf4 Qc5 14. a3 a6 15.
b4 Qc7 16. c5 bxc5 17. bxc5 Qa5 18. Rxd6 Rc8 19. Ne4 Bxe4 20. Qxe4 Qxa3 21.
Rcd1 Ra7 22. c6 Rac7 23. Ne5 Qc5 24. e3 h6 25. Nxf7 Rxf7 26. Qxe6 Rcf8 27. Qd5
Qxd5 28. Bxd5 Kh7 29. Bxf7 Rxf7 30. Rb1 Be5 31. Re6 Bc7 32. Rb7 a5 33. Re8 Na6
34. Rc8 Rf6 35. Rcxc7 Nxc7 36. Rxc7 a4 37. Ra7 Rxc6 38. Rxa4 Kg6 39. Kg2 Kf6
40. h4 Rb6 1-0

[Event "GBR-ch72"]
[Site "Edinburgh"]
[Date "1985.08.01"]
[Round "4.2"]
[White "Watson, William N"]
[Black "Chandler, Murray G"]
[Result "0-1"]
[WhiteElo "2435"]
[BlackElo "2525"]
[PlyCount "78"]
[EventDate "1985.07.29"]
[EventType "swiss"]
[EventRounds "11"]
[EventCountry "GBR"]
[SourceTitle "BritBase"]
[Source "John Saunders"]
[SourceDate "2020.09.07"]
[SourceVersion "1"]
[SourceVersionDate "2020.09.07"]
[SourceQuality "2"]

1. e4 c5 2. Nf3 d6 3. d4 Nf6 4. Nc3 cxd4 5. Nxd4 a6 6. Be3 e5 7. Nf3 Qc7 8. a4
Be7 9. a5 Nbd7 10. Nd2 Nc5 11. Nd5 Nxd5 12. exd5 O-O 13. b4 Nd7 14. Nc4 f5 15.
Ra3 Bf6 16. Be2 f4 17. Bb6 Nxb6 18. Nxb6 Rb8 19. O-O Bf5 20. c4 e4 21. Bg4 g6
22. Bxf5 gxf5 23. Rh3 Qg7 24. c5 dxc5 25. bxc5 Kh8 26. c6 bxc6 27. dxc6 Rbd8
28. Qc1 Rg8 29. g3 Qg4 30. c7 Rdf8 31. Rh6 e3 32. Rxf6 exf2+ 33. Rxf2 fxg3 34.
hxg3 Qxg3+ 35. Kf1 Qg1+ 36. Ke2 Qxc1 37. Rxf8 Rxf8 38. c8=Q Rxc8 39. Nxc8 Qxc8
0-1

[Event "GBR-ch72"]
[Site "Edinburgh"]
[Date "1985.08.01"]
[Round "4.3"]
[White "Barua, Dibyendu"]
[Black "Condie, Mark L"]
[Result "1/2-1/2"]
[WhiteElo "2410"]
[BlackElo "2405"]
[PlyCount "80"]
[EventDate "1985.07.29"]
[EventType "swiss"]
[EventRounds "11"]
[EventCountry "GBR"]
[SourceTitle "BritBase"]
[Source "John Saunders"]
[SourceDate "2020.09.07"]
[SourceVersion "1"]
[SourceVersionDate "2020.09.07"]
[SourceQuality "2"]

1. e4 c6 2. d4 d5 3. exd5 cxd5 4. Nf3 Nf6 5. Be2 Nc6 6. O-O Bf5 7. Nc3 e6 8.
Bf4 a6 9. Re1 Bb4 10. Bd3 Bg4 11. a3 Bd6 12. Be3 O-O 13. h3 Bh5 14. Be2 Qc7 15.
Nd2 Bg6 16. Nb3 b5 17. Bd3 Na5 18. Nxa5 Qxa5 19. a4 b4 20. Ne2 Rac8 21. Nc1 e5
22. Nb3 Qc7 23. dxe5 Bxe5 24. Bd4 Rfe8 25. Bxg6 hxg6 26. Qd3 a5 27. Rad1 Ne4
28. Bxe5 Rxe5 29. Nd4 Qa7 30. Qe3 f6 31. Nf3 Qxe3 32. Rxe3 Ree8 33. Rxd5 Rxc2
34. Nd2 Rc1+ 35. Kh2 Nxd2 36. Rxe8+ Kf7 37. Rxd2 Kxe8 38. Rd5 Rc2 39. f3 Rxb2
40. Rxa5 Ra2 1/2-1/2